000 00787nam a2200229 a 4500
001 000035234
005 20200930074208.0
008 111026s1979 sp 000 0 spa d
040 _aDO-SdBNP
_bspa
_cBNPHU
082 _axxxx
_bH313
100 1 _aHarris, Marvin
_960989
240 1 0 _aCultural materialism
_lEspañol
245 1 3 _aEl materialismo cultural. /
_cMarvin Harris ; versión española de Gonzalo Gil Catalina.
260 _aMadrid :
_bAlianza Editorial,
_c1979.
300 _a399 p. ;
_c21 cm.
490 1 _aAlianza universidad
_v324
504 _aBibliografía : p.371-399
590 _aPerteneció a la biblioteca personal de Juan Isidro Jimenes Grullón.
700 1 _aGil Catalina, Gonzalo,
_etr.
_960990
830 0 _aAlianza universidad
_v324
_932127
049 _aBNGR
999 _c34725
_d34725